| 000 | 00978nam a2200289Ia 4500 | ||
|---|---|---|---|
| 999 |
_c55609 _d55609 |
||
| 001 | 22704 | ||
| 003 | GE_BSU | ||
| 005 | 20230424141145.0 | ||
| 008 | 181216s ||||ge |||||||||||||| ||eng|| | ||
| 020 | _a9788376632315:Vol.1 | ||
| 040 | _cGE_BSU | ||
| 041 | _aeng | ||
| 080 | _a577.3(075.8) : 61:53 S-20 | ||
| 100 |
_aSanikidze, Tamar _917758 |
||
| 245 |
_aBiological and Medical Physics : Vol.1 / _cTamar Sanikidze ; Editor Temur NanaeiShvili. |
||
| 264 |
_a[Tbilisi] : _bPublishing house, _c2016. |
||
| 300 |
_a227 p. : _bill.; _c29 cm. |
||
| 500 | _aCo-funded by the Tempus Programme of the European Union | ||
| 541 | _h10gel. | ||
| 653 | _aBiological and Medical Physics Vol.1 | ||
| 653 | _aბიოლოგია | ||
| 653 | _aბიოლოგიური და სამედიცინო ფიზიკა | ||
| 653 | _aმედიცინა | ||
| 653 | _aფიზიკა | ||
| 700 |
_aNanaeiShvili, Temur _eEditor _917759 |
||
| 942 |
_cBK _2udc |
||